Most expensive paintings - Statistics

General Stats
  • This quiz has been taken 1,013 times
    351 since last reset
  • The average score is 23 of 45
Answer Stats
$ millions Name of the painting Answer % Correct
$469.7 Salvator Mundi Leonardo da Vinci
89%
$193.5 Les Femmes d’Alger (Version O) Pablo Picasso
81%
$ 170.1 Le Réve Pablo Picasso
81%
$141 Garçon à la pipe Pablo Picasso
81%
$124.8 Nude, Green Leaves and Bust Pablo Picasso
81%
$120.8 Dora Maar au Chat Pablo Picasso
81%
$117.1 Young Girl with a Flower Basket Pablo Picasso
81%
$101.7 Les Noces de Pierrette Pablo Picasso
81%
$161.4 Portrait of Dr. Gachet Vincent van Gogh
81%
$123.8 Portrait of Joseph Roulin Vincent van Gogh
81%
$121.3 Irises Vincent van Gogh
81%
$112.2 Portrait de l'artiste sans barbe Vincent van Gogh
81%
$100.9 A Wheatfield with Cypresses Vincent van Gogh
81%
$110.7 Meules Claude Monet
74%
$133.6 The Scream Edvard Munch
73%
$216 Number 17A Jackson Pollock
61%
$ 177.6 No. 5, 1948 Jackson Pollock
61%
$118.7 Eight Elvises Andy Warhol
59%
$115.7 Silver Car Crash (Double Disaster) Andy Warhol
59%
$201.7 Wasserschlangen II Gustav Klimt
54%
$ 171.2 Portrait of Adele Bloch-Bauer I Gustav Klimt
54%
$159.8 Adele Bloch-Bauer II Gustav Klimt
54%
$152.8 Bal du moulin de la Galette Pierre-Auguste Renoir
53%
$284 The card players Paul Cézanne
48%
$110 La Montagne Sainte-Victoire vue du bosquet du Château Noir Paul Cézanne
48%
$227 When Will You Marry Paul Gauguin
47%
$131.7 Otahi Paul Gauguin
47%
$100.9 Te Fare (La maison) Paul Gauguin
47%
$201 No. 6 (Violet, Green and Red) Mark Rothko
37%
$156.3 Three Studies of Lucian Freud Francis Bacon
30%
$102.5 Triptych, 1976 Francis Bacon
30%
$109 Massacre of the Innocents Peter Paul Rubens
28%
$129 Flag Jasper Johns
24%
$101.5 False Start Jasper Johns
24%
$324 Interchange Willem de Kooning
22%
$174.4 Woman III Willem de Kooning
22%
$115.3 Untitled Jean-Michel Basquiat
21%
$100 Boy and Dog in a Johnnypump Jean-Michel Basquiat
21%
$ 172.1 Masterpiece Roy Lichtenstein
19%
$102.9 Nurse Roy Lichtenstein
19%
$183.8 Nu Couché Amedeo Modigliani
16%
$160.1 Nu Couché (sur le côté gauche) Amedeo Modigliani
16%
$131 Reclining nude with blue cushion Amedeo Modigliani
16%
$116 Anna's Light Barnett Newman
9%
$146.9 Twelve Landscape Screens Qi Baishi
7%
No matching quizzes found
Score Distribution
Percent of People with Each Score
Percentile by Number Answered
Your Score History
You have not taken this quiz since the last reset